The name of the characters in VALORANT - Statistics

General Stats
  • This quiz has been taken 1,633 times
    1,616 since last reset
  • The average score is 10 of 11
Answer Stats
Answer % Correct
4 Jett
96%
2 Brimstone
95%
6 Phoenix
93%
8 Reyna
93%
9 Sage
93%
1 Breach
89%
5 Omen
89%
7 Raze
89%
10 Sova
86%
11 Viper
85%
3 Cypher
84%
No matching quizzes found
Score Distribution
Percent of People with Each Score
Percentile by Number Answered
Your Score History
You have not taken this quiz since the last reset